000 00363nam a22001337a 4500
020 _a81-89253-27-1
082 _a342
_bARO/P
100 _aARORA, RAMESH K
245 _aPUBLIC ADMINISTRATION IN INDIA
_bTRADITION, TRENDS AND TRANSFORMATION
260 _aDELHI
_bPARAGON INTERNATIONAL PUBLISHERS
_c2006
300 _a247
650 _aEDUCATIONAL
_zINDIA
942 _cBK
999 _c5459
_d5459